Statistics for Food True or False?

Click here to take the quiz!

General Stats

  • This quiz has been taken 198 times
  • The average score is 11 of 20

Answer Stats

QuestionAnswer% Correct
Pineapples can take two to three years to grow.True
76%
Brown Eggs are healthier than white eggs.False
73%
Eggs should be avoided because of their high cholesterol content.False
69%
Most raw oysters are still alive when you eat them.True
67%
Cilantro and fresh coriander are the same thing.True
66%
Too much nutmeg can get you high.True
65%
Russia Only Classed Beer As Alcohol In 2011.True
65%
Peppers (Capsicum) have more vitamin C than oranges.True
61%
A chipotle pepper is just a dried and smoked jalapeño.True
61%
Gluten free foods are healthier.False
60%
Lemons float — but limes sink.True
58%
Peaches and nectarines are essentially the same fruit.True
54%
Eating lots of carrots will help your eyesightFalse
51%
A single spaghetti noodle is called a spaghetto.True
48%
Most wasabi is just horseradish that's dyed green.True
48%
Consuming enough Vitamin C prevent coldsFalse
44%
You can't overcook mushrooms.True
37%
Raw carrots are more nutritious than cooked ones.False
29%
The stickers on fruit are edible.True
26%
Eating celery burns more calories than it takes in.False
21%

Score Distribution

Percentile by Number Answered

Percent of People with Each Score

Your Score History

You have not taken this quiz